| 000 | 00556nam a2200181Ia 4500 | ||
|---|---|---|---|
| 003 | GCL | ||
| 008 | 140319s9999 xx 000 0 eng d | ||
| 040 |
_aGCL / _cGCL |
||
| 082 | 0 | 4 |
_a973.92 _bC U |
| 100 | 1 | _aCHAFE, WILLIAM H | |
| 245 | 1 | 0 |
_aTHE UNFINISHED JOURNEY: AMERICAN SINCE WORLD WAR || / _cCHAFE, WILLIAM H |
| 260 |
_a[S.N] : _bOXFORD UNIVERSITY PRESS ، _c1995 |
||
| 300 | _a547 P | ||
| 650 | 0 | 4 | _aUNITED STATES - POLICY |
| 650 | 0 | 4 | _aUNITED STATES - SOCIAL CONDTIONS ,1945 |
| 650 | 0 | 4 | _aUNITED STATES - POLICY AND GOVERNMENT |
| 942 |
_2ddc _cBK |
||
| 999 |
_c14403 _d14403 |
||